=LDR 00000nam 2200000 4500 =001 NUTBA000000000002553 =005 20240212104729 =035 ##$$a 0010-061400000000496 =007 ta =008 240212###########################0###### =020 ##$$a 978-602-98170-4-5 =082 ##$$a 613 =084 ##$$a 613 EMI h =100 ##$$a Emirfan TM =245 1#$$a Healthy Habits You Must Know : $b Pola Hidup Sehat yang Harus Anda tahu untuk Kesehatan yang Lebih Baik Sejak Muda /$c Emirfan TM =260 ##$$a Yogyakarta :$b Javalitera,$c 2011 =300 ##$$a 162 hlm. ; $c 20 cm. =650 #4$$a Kesehatan =250 ##$$a Cet.1 =500 ##$$a Bibliografi : hlm. 159 =990 ##$$a 21401952 =990 ##$$a 21401953 =990 ##$$a 21401954 =990 ##$$a 21401955 =990 ##$$a 21401956 =990 ##$$a 0001/BPAP-NTB/20142014